The genealogie of Christianity and of Christians. /

Bibliographic Details
Main Author: Feake, Christopher, fl. 1645-1660
Format: eBook
Language:English
Published: London : Printed for Peter Cole, at the Printing-Press in Cornhill near the Royal Exchange, 1650.
Series:Early English books online.
Subjects:
Online Access:Connect to the full text of this electronic book

MARC

Tag First Indicator Second Indicator Subfields
LEADER 00000nam a2200000 4500
001 in00004337113
005 20200812101430.0
006 m g d
007 cr bn |||a|bb|
008 930104s1650 enk o 00| | eng d
035 |a (UnM)99862498 
037 |a CL0051000003  |b ProQuest Information and Learning. 300 N. Zeeb Rd., Ann Arbor, MI 48106 
040 |a Cu-RivES  |c Cu-RivES  |d CStRLIN  |e dcrb  |d WaOLN 
100 1 |a Feake, Christopher,  |d fl. 1645-1660. 
245 1 4 |a The genealogie of Christianity and of Christians. /  |c Declared in a sermon at Mercers Chappel before the Right Honourable the Lord Maior of the City of London, April 28. 1650 and now thus published for the undeceiving of those, who say they are Christians, and are not, but do lie; and for the establishment and encouragement of those, who having named the name of Christ, do indeed depart (even in this hour of apostacy) from all iniquity, by C.F. one of the servants of the Lord Jesus Christ in the ministery of the new Testament. 
260 |a London :  |b Printed for Peter Cole, at the Printing-Press in Cornhill near the Royal Exchange,  |c 1650. 
300 |a 1 online resource ([50] pages) 
336 |a text  |b txt  |2 rdacontent 
337 |a computer  |b c  |2 rdamedia 
338 |a online resource  |b cr  |2 rdacarrier 
500 |a Dedication signed: Chr. Feake. 
500 |a Signatures: [A]² chi¹ B-E⁴ F² . 
500 |a With a final errata leaf. 
500 |a Annotation on Thomason copy: "Aprill 28". 
500 |a Reproduction of the original in the British Library. 
510 4 |a Wing (2nd edition)  |c F570. 
510 4 |a Thomason  |c E.599[2]. 
533 |a Electronic reproduction.  |b Ann Arbor, Mich. :  |c UMI,  |d 1999-  |f (Early English books online)  |n Digital version of: (Thomason Tracts ; 92:E599[2])  |7 s1999 miun s 
650 0 |a Sermons, English  |y 17th century. 
650 0 |a Christianity  |x Origin  |v Sermons  |v Early works to 1800. 
830 0 |a Early English books online. 
856 4 0 |u http://proxy.library.tamu.edu/login?url=https://search.proquest.com/docview/2240940024  |z Connect to the full text of this electronic book  |t 0 
999 f f |s b03051e5-6e30-37dc-91c6-dfdfbeba5b9a  |i 8ce38d00-feed-31c2-b8e8-7d4a7330a641  |t 0 
952 f f |a Texas A&M University  |b College Station  |c Electronic Resources  |d Available Online  |t 0  |h No information provided 
998 f f |t 0  |l Available Online